000 00679nam a22002057a 4500
005 20140313100411.0
008 140110b xxu||||| |||| 00| 0 eng d
020 _a9781462509645
050 _aRJ 506.P55
_b.C641 2012
245 _aClinical work with traumatized young children /
_cedited by Joy D. Osofsky.
260 _aNew York :
_bGuilford Press,
_c2011.
300 _axxi, 359 p. ;
_c24 cm.
504 _aIncludes Bibliographic References and Index.
521 _aPSYCH
650 _aPost-traumatic stress disorder in children.
650 _aStress (Psychology)
650 _aStress Disorders, Traumatic
_xtherapy.
942 _2lcc
_cBK
_kFOR
999 _c26024
_d26024